000
00313nam a2200133Ia 4500
008
231129s1962||||xx |||||||||||||| ||spa||
040
_b
spa
082
_a
923.24 A447
100
_a
Almela y Vives Francisco
245
0
_a
Lucrecia Borja y su familia
260
_c
1962
264
_a
Juventud
942
_2
ddc
_c
BKS
999
_c
20158
_d
20158